[Event "Malaga-ch"]
[Site "Malaga"]
[Date "2012.01.28"]
[Round "6"]
[White "Littlewood, Richard George"]
[Black "Utrera Sierra, Enrique"]
[Result "0-1"]
[WhiteElo "1822"]
[BlackElo "1862"]
[PlyCount "64"]
[EventDate "2012.01.14"]
[EventType "swiss"]
[EventRounds "9"]
[EventCountry "ESP"]
[SourceTitle "CBM 146 Extra"]
[Source "ChessBase"]
[SourceDate "2012.02.29"]
[SourceVersion "1"]
[SourceVersionDate "2012.02.29"]
[SourceQuality "1"]

1. d4 Nf6 2. c4 e6 3. Nc3 Bb4 4. Nf3 0-0 5. Bg5 h6 6. Bh4 d5 7. cxd5 exd5 8. e3 c6 9. Qc2 Nbd7 10. Bd3 Qc7 11. 0-0 Re8 12. Rac1 Bxc3 13. Qxc3 Ne4 14. Bxe4 dxe4 15. Bg3 Qd8 16. Ne5 Nxe5 17. Bxe5 Qg5 18. Kh1 Bg4 19. Qd2 Rad8 20. Rc5 Rxe5 21. Rxe5 Qxe5 22. Qb4 Qb5 23. Qxb5 cxb5 24. Rc1 Rc8 25. Rxc8+ Bxc8 26. f3 f5 27. h4 Be6 28. a3 Bd5 29. fxe4 Bxe4 30. Kh2 g5 31. g3 Kf7 32. Kg1 Ke6 0-1

[Event "Malaga-ch"]
[Site "Malaga"]
[Date "2012.01.21"]
[Round "4"]
[White "Sanchez Ruiz Canela, Adrian"]
[Black "Utrera Sierra, Enrique"]
[Result "1-0"]
[WhiteElo "1904"]
[BlackElo "1862"]
[PlyCount "87"]
[EventDate "2012.01.14"]
[EventType "swiss"]
[EventRounds "9"]
[EventCountry "ESP"]
[SourceTitle "CBM 146 Extra"]
[Source "ChessBase"]
[SourceDate "2012.02.29"]
[SourceVersion "1"]
[SourceVersionDate "2012.02.29"]
[SourceQuality "1"]

1. c4 Nf6 2. Nc3 e6 3. Nf3 Bb4 4. d3 h6 5. Bd2 0-0 6. e3 d5 7. Qb3 c5 8. Be2 Nc6 9. cxd5 exd5 10. a3 Ba5 11. 0-0 Re8 12. Na4 Bxd2 13. Nxd2 b6 14. Rac1 Ne5 15. d4 c4 16. Qc2 Ng6 17. b3 cxb3 18. Qxb3 Bf5 19. Nc3 Rc8 20. Ba6 Rc7 21. Nb5 Rxc1 22. Rxc1 Re7 23. Qc3 Kh7 24. Qb4 Ne8 25. Nf1 Nc7 26. Rxc7 Rxc7 27. Nxc7 Qxc7 28. Qb5 Ne7 29. Qe8 Bg6 30. h3 Nc6 31. Qa8 Ne7 32. f3 h5 33. Bb7 Bd3 34. Bxd5 Nxd5 35. Qxd5 Qc1 36. e4 Bxf1 37. Qxh5+ Kg8 38. Kf2 Bd3 39. Qe5 Qc8 40. d5 b5 41. d6 Qd7 42. Qe7 Qc6 43. d7 Qb6+ 44. Kg3 1-0